000 00512nam a2200181 i 4500
001 142570
003 ES-MaACL
005 20250907063113.0
007 t|
008 071008s1972 sp ||||1| cat d
100 1 _aVillalonga, Llorenç,
_d1897-1980
_9114975
245 1 0 _aLulú regina
_b: novel-la /
_cLlorenç Villalonga.
250 _a1ª ed.
260 _aBarcelona :
_bClub Editor,
_c[1972]
300 _a212 p. ;
_c19 cm.
852 _aES-MaACL
_jC-50727
_bR.82324
999 _c142570
_d142570